Films with similar titles - Statistics

General Stats
  • This quiz has been taken 280 times
    271 since last reset
  • The average score is 8 of 18
Answer Stats
Hint Answer % Correct
An alcoholic journalist spends a month in rehab (2000) 28 Days
69%
Americans trapped in Iran are rescued (2012) Argo
69%
Rage-infected zombies overrun the UK (2002) 28 Days Later
67%
Niki Lauda and James Hunt have an intense rivalry (2013) Rush
67%
Hong Kong and US police officers form mismatched pair (1998) Rush Hour
61%
Biographical film about a Chicago gangster (2020) Capone
55%
An incompetent car salesman's attempts at crime spiral out of control (1996) Fargo
54%
Biographical film about a New York writer (2005) Capote
51%
Chicago firefighters pursue an arsonist (1991) Backdraft
40%
A suave British secret agent investigates the disappearance of a colleague (1962) Dr No
38%
An FBI agent infiltrates the mob (1997) Donnie Brasco
34%
A boy has visions of the end of the world (2001) Donnie Darko
34%
A man pursues an amnesiac woman (2004) 50 First Dates
28%
Astronauts fly on a doomed mission to the Sun (2007) Sunshine
27%
A pianist suffers from poor mental health (1996) Shine
25%
Stuart Sutcliffe and John Lennon in Hamburg (1994) Backbeat
16%
An advertising executive seeks to end the dictatorship of Augusto Pinochet (2012) No
15%
A US chemist moves to the UK to sell a new drug (2001) 51st State
8%
No matching quizzes found
Score Distribution
Percent of People with Each Score
Percentile by Number Answered
Your Score History
You have not taken this quiz since the last reset